ბათუმის შოთა რუსთაველის სახელმწიფო უნივერსიტეტის ბიბლიოთეკა

Kwarkware Tutaberi : (ბიბ.ჩანაწერი № 63685)

000 -ლიდერი
ფიქსირებული სიგრძის საკონტროლო ველი 01085nam a22002297a 4500
003 - საკონტროლო ნომრის იდენტიფიკატორი
საკონტროლო ველი Ge_BSU
005 - ბოლო ოპერაციის თარიღი და დრო
საკონტროლო ველი 20251208200501.0
008 - ფიქსირებული სიგრძის მონაცემთა ელემენტები - ზოგადი ინფორმაცია
ფიქსირებული სიგრძის საკონტროლო ველი 251208s2018 ge ||||| |||| 00| 0 geo d
020 ## - წიგნის საერთაშორისო სტანდარტული ნომერი
International Standard Book Number 9788301202996
041 ## - ენის კოდი
Language code of text/sound track or separate title geo
080 ## - უნივერსალური ათობითი კლასიფიკაციის ინდექსი
Universal Decimal Classification number 821.353.1-22.03=112.2
100 ## - მთავარი ჩანაწერი - პიროვნების სახელი
Personal name Kakabadse, Polikarpe
9 (RLIN) 26409
245 ## - ცნობა სათაურის შესახებ
Title Kwarkware Tutaberi :
Remainder of title komödie in vier Akten /
Statement of responsibility, etc von Polikarpe Kakabadse; Übersetzung aus dem Georgischen von Mari Girkelidse und Peter zur Linde; Vorwort und Kommentar Manana Kakabadse; Gestaltung und Illustrationen Mari Girkelidse.
264 ## - წარმოების, გამოცემის, დისტრიბუციის და სხვა ცნობები
გამოცემის, წარმოების, დისტრიბუციის... ადგილი Warszawa:
გამოცემის, წარმოების, დისტრიბუციის... სახელწოდება PWN,
გამოცემის, წარმოების, დისტრიბუციის... თარიღი 2018.
300 ## - ფიზიკური აღწერა
Extent 129 p. :
Other physical details ill., portrs. ;
Dimensions 22 cm.
653 ## - INDEX TERM--UNCONTROLLED
Uncontrolled term ქართული დრამატურგია
700 ## - ADDED ENTRY--PERSONAL NAME
Personal name Girkelidse, Mari,
Relator term მთარგმნელი
9 (RLIN) 26410
700 ## - ADDED ENTRY--PERSONAL NAME
Personal name Linde, Peter zur
Relator term მთარგმნელი
9 (RLIN) 26411
700 ## - ADDED ENTRY--PERSONAL NAME
Personal name Kakabadse, Manana
Relator term წინასიტყვაობის ავტორი
9 (RLIN) 26412
700 ## - ADDED ENTRY--PERSONAL NAME
Personal name Girkelidse, Mari
Relator term დიზაინერი, ილუსტრატორი
9 (RLIN) 26413
942 ## - ADDED ENTRY ELEMENTS (KOHA)
Source of classification or shelving scheme
Koha item type წიგნი
ეგზემპლარები
ჩამოწერის სტატუსი დაკარგული ეგზემპლარის სტატუსი კლასიფიკაციის წყარო ან თაროზე გაწყობის სქემა დაზიანების სტატუსი არ გაიცემა მუდმივი მდებარეობა (დაცვის ადგილი) ამჟამინდელი ადგილსამყოფელი თაროზე განთავსების ადგილი შეძენის თარიღი ღირებულება, შესყიდვის ნორმალური ფასი სრული შენახვის შიფრი შტრიხკოდი ბოლო ოპერაციის თარიღი ეგზემპლარის მიმდევრობითი ნომერი (კეტერი?) Uniform Resource Identifier ფასის ძალაში შესვლის თარიღი ეგზემპლარის სახეობა საჯარო შენიშვნა
          ბათუმის შოთა რუსთაველის სახელმწიფო უნივერსიტეტის მთავარი ბიბლიოთეკა ბათუმის შოთა რუსთაველის სახელმწიფო უნივერსიტეტის მთავარი ბიბლიოთეკა წიგნსაცავი 2025-12-08 10.00 821.353.1-22.03=112.2 73238 2025-12-08 73238 საქართველოს ეროვნული ბიბლიოთეკა (ნაჩუქარი) 2025-12-08 წიგნი 10 l.